000 00812nam a2200181 i 4500
001 166591
003 ES-MaACL
005 20230906213349.0
008 981002s1859 sp |||| | spa d
110 2 _aInstituto del Noviciado (Madrid)
_9176003
245 1 0 _aMemoria acerca del estado del Instituto de 2ª enseñanza del Noviciado... leída el día 16 de setiembre de 1859 /
_cpor Francisco de Tramarria.
260 _aMadrid :
_b[s.n.],
_c1859 (
_fImp. de J.M. Ducazal)
300 _a14 p., [1] h. pleg. ;
_c25 cm.
610 2 _aInstituto del Noviciado (Madrid)-
_vMemorias.
_9159408
700 1 _aTramarria, Francisco de.
_9133367
852 4 _aES-MaACL
_jT-60-F-12
_z- Enc. hol.
_z- Enc. en un vol. facticio
852 4 _aES-MaACL
_jT-437-F-1
_z- Enc. hol.
_z- Enc. en un vol. facticio
999 _c166591
_d166591